000 00730nam a22002537a 4500
999 _c313211
_d313211
001 26875
003 UA-OsUOA
005 20200811214812.0
007 ta
008 20040610b un ||||| |||| 00| 0 ukr d
020 _a5-7087-0125-0
040 _aUA-OsUOA
_brus
_cUA-OsUOA
_dUA-OsUOA
041 _arus
044 _aRU
080 _a657.6
090 _a657.6
_bА93
245 _aАудит, ревизия и контроль
_bнормативные документы, коментарии, методические рекомендации
_cсост. Е. А. Петрик
246 3 1 _a№3
260 _aКиев
_bУчетинформ
_c1995
300 _a112 с.
650 7 _2UDC
942 _cBK
_2udc
955 _a0